| 000 | 00621nam a2200217 a 4500 | ||
|---|---|---|---|
| 005 | 20140310183441.0 | ||
| 008 | 080509s19uu xx 00 eng d | ||
| 020 | _a1412923174 | ||
| 050 |
_aLC 4719.G7 _b.P728 2006 |
||
| 100 | _aPlimley, Lynn | ||
| 245 |
_aSupporting pupils with autistic spectrum disorders : _ba guide for school support staff. |
||
| 260 |
_aLondon : _bPaul Chapman Publishing, _c2006. |
||
| 300 |
_a86 p. : _bill. ; _c24 cm. |
||
| 521 | _aEDU | ||
| 650 | _aAutistic children. | ||
| 650 | _aAutism. | ||
| 650 | _aLearning. | ||
| 700 | _aBowen, Maggie | ||
| 942 |
_cBK _2lcc _kFOR |
||
| 999 |
_c23096 _d23096 |
||